Music Quiz

Random Music or Album Quiz

10 to 1: The Beatles Albums Quiz Stats

 Plays Quiz Updated May 2, 2019

Support Sporcle.
Go Orange.
Score 0/55 Timer 10:00
4 Plays Today
% Correct
Back in the U.S.S.R.
82.6%
Blackbird
77.3%
Dear Prudence
75.1%
Happiness is a Warm Gun
74.3%
Helter Skelter
74.3%
Come Together
70.6%
A Day in the Life
69.7%
Here Comes the Sun
68.6%
Lucy in the Sky with Diamonds
68.1%
Ob-La-Di, Ob-La-Da
67.4%
While My Guitar Gently Weeps
66.7%
Golden Slumbers
66.3%
With a Little Help from My Friends
65.5%
I Want You (She's So Heavy)
64.7%
Fixing a Hole
64.4%
Julia
63%
Something
62.6%
Sexy Sadie
61.8%
Octopus's Garden
61.7%
Eleanor Rigby
60.6%
Oh! Darling
60.5%
The End
60.2%
Lovely Rita
59.3%
Norwegian Wood (This Bird Has Flown)
59.2%
You Never Give Me Your Money
58.9%
Getting Better
58.8%
Taxman
58.5%
She's Leaving Home
57.6%
% Correct
And Your Bird Can Sing
55.6%
Drive My Car
55.6%
Across the Universe
55%
The Long and Winding Road
53.2%
Here, There and Everywhere
52.8%
I Will
52.5%
Can't Buy Me Love
51.8%
Michelle
51.8%
Tomorrow Never Knows
51.5%
Got to Get You Into My Life
51.4%
I'm Only Sleeping
50.4%
Love Me Do
48.1%
In My Life
48%
Ticket to Ride
47.5%
I Saw Her Standing There
47.5%
Twist and Shout
47.4%
Nowhere Man
46.5%
And I Love Her
46%
Girl
44.4%
You've Got to Hide Your Love Away
43.9%
Yesterday
42.9%
Yellow Submarine
42.2%
You're Going to Lose That Girl
39%
If I Fell
39%
I've Just Seen a Face
38.7%
I Should Have Known Better
38.7%
Eight Days a Week
37.9%

You're not logged in!

Compare scores with friends on all Sporcle quizzes.
OR
Log In

From the Vault

60 Second Blitz: Borders of Russia

by Headers2304

Russia has 14 borders. Ready, set, go!
Remove Ads.
Support Sporcle.
Get the best of Sporcle when you Go Orange. This ad-free experience offers more features, more stats, and more fun while also helping to support Sporcle. Thank you for becoming a member.

Show Comments

Extras

Top Quizzes Today


Score Distribution

Your Account Isn't Verified!

In order to create a playlist on Sporcle, you need to verify the email address you used during registration. Go to your Sporcle Settings to finish the process.

Report this User

Report this user for behavior that violates our Community Guidelines.

Details: